[Event "ch-city B"]
[Site "Warszawa"]
[Date "2013.05.18"]
[Round "8.6"]
[White "Czorniej, Antonina"]
[Black "Traczyk, Pawel"]
[Result "1-0"]
[WhiteElo "1394"]
[BlackElo "1780"]
[PlyCount "71"]
[EventDate "2013.05.11"]
[EventType "swiss"]
[EventRounds "9"]
[EventCountry "POL"]

1. d4 g6 2. c4 Bg7 3. Nf3 d6 4. Nc3 c5 5. d5 Bxc3+ 6. bxc3 f5 7. g3 Nd7 8. Bf4
Ngf6 9. Bg2 Qa5 10. Qb3 Ne4 11. Rc1 O-O 12. Ng5 Nxg5 13. Bxg5 Re8 14. O-O Rb8
15. Rfe1 b5 16. cxb5 Rxb5 17. Qc2 Ne5 18. a4 Rb8 19. e4 Ba6 20. Red1 Bc4 21.
Qd2 fxe4 22. Bxe4 Qxa4 23. f4 Bb3 24. fxe5 Qxe4 25. Re1 Qxd5 26. Qxd5+ Bxd5 27.
exd6 exd6 28. Bf4 Rxe1+ 29. Rxe1 Rb2 30. Bxd6 c4 31. Re8+ Kg7 32. Re7+ Kh6 33.
Rxa7 Rg2+ 34. Kf1 Rxh2 35. Bf4+ Kh5 36. Rxh7+ 1-0

[Event "ch-city B"]
[Site "Warszawa"]
[Date "2013.05.18"]
[Round "8.8"]
[White "Kazmierczak, Ewa"]
[Black "Milczarek, Robert"]
[Result "0-1"]
[WhiteElo "1532"]
[BlackElo "1848"]
[PlyCount "64"]
[EventDate "2013.05.11"]
[EventType "swiss"]
[EventRounds "9"]
[EventCountry "POL"]

1. e4 Nf6 2. e5 Nd5 3. d4 d6 4. Nf3 dxe5 5. Nxe5 c6 6. c4 Nb4 7. Na3 Bf5 8. Be2
e6 9. b3 Nd7 10. Nf3 Be7 11. O-O O-O 12. Ne1 c5 13. Bf3 cxd4 14. Nac2 Nxc2 15.
Nxc2 d3 16. Ne3 Bf6 17. Nxf5 exf5 18. Ba3 Re8 19. Rb1 Qa5 20. Bd6 Rad8 21. a4
Qb6 22. Bf4 g5 23. Be3 Rxe3 24. fxe3 Qxe3+ 25. Kh1 Ne5 26. Bd5 f4 27. Re1 Qf2
28. Rxe5 Bxe5 29. Qh5 Rf8 30. Qxg5+ Bg7 31. Be4 d2 32. Qh5 Qe1+ 0-1

[Event "ch-city B"]
[Site "Warszawa"]
[Date "2013.05.18"]
[Round "8.11"]
[White "Zbrzeski, Piotr"]
[Black "Mincewicz, Tomasz"]
[Result "1/2-1/2"]
[WhiteElo "1801"]
[BlackElo "1473"]
[PlyCount "126"]
[EventDate "2013.05.11"]
[EventType "swiss"]
[EventRounds "9"]
[EventCountry "POL"]

1. d4 Nf6 2. c4 e6 3. Nf3 b6 4. g3 Ba6 5. Qc2 Bb4+ 6. Bd2 Bxd2+ 7. Nbxd2 Bb7 8.
Bg2 O-O 9. O-O Na6 10. c5 Qe7 11. cxb6 cxb6 12. a3 Rfc8 13. Qd3 d5 14. Ne5 Nc7
15. Rfc1 Nce8 16. f3 Nd6 17. e3 h6 18. Kf2 Qe8 19. h4 Rxc1 20. Rxc1 Rc8 21. Qb1
Nd7 22. Nxd7 Qxd7 23. Rc2 Nc4 24. Nxc4 Rxc4 25. Bf1 Rxc2+ 26. Qxc2 Qc6 27. Qxc6
Bxc6 28. Ke1 Kf8 29. Kd2 Ke7 30. Kc3 Kd6 31. Bd3 f5 32. Ba6 g5 33. hxg5 hxg5
34. Kb4 Be8 35. a4 e5 36. f4 gxf4 37. gxf4 e4 38. Bc8 a5+ 39. Kb3 Bd7 40. Bb7
Bc6 41. Ba6 Bd7 42. Ka3 Be6 43. Be2 Bd7 44. b3 Be6 45. Kb2 Ke7 46. Kc2 Kf6 47.
Kd2 Kg6 48. Ke1 Kh6 49. Kf2 Bd7 50. Kg3 Be8 51. Kh4 Bf7 52. Bb5 Kg6 53. Be2 Kh6
54. Bb5 Kg6 55. Ba6 Kh6 56. Bf1 Bg6 57. Bh3 Bh7 58. Bg2 Bg6 59. Bf1 Bf7 60. Bb5
Kg6 61. Bd7 Bg8 62. Be8+ Kh6 63. Bh5 Be6 1/2-1/2

[Event "ch-city B"]
[Site "Warszawa"]
[Date "2013.05.18"]
[Round "8.12"]
[White "Wisniewski, Jacek"]
[Black "Wrabel, Antoni"]
[Result "1/2-1/2"]
[WhiteElo "1471"]
[BlackElo "1701"]
[PlyCount "121"]
[EventDate "2013.05.11"]
[EventType "swiss"]
[EventRounds "9"]
[EventCountry "POL"]

1. e4 e5 2. Nf3 Nc6 3. Bc4 Bc5 4. O-O Qe7 5. c3 Bb6 6. d4 d6 7. b4 Bg4 8. d5
Nd8 9. Be3 Nf6 10. Nbd2 O-O 11. Be2 Nd7 12. Nc4 f5 13. Nxb6 axb6 14. Bg5 Nf6
15. Nd2 Bxe2 16. Qxe2 f4 17. Qg4 Nf7 18. Bxf6 Qxf6 19. Nf3 g6 20. h4 Ra3 21.
Rfc1 Rfa8 22. Rc2 Rd8 23. Ng5 Nxg5 24. hxg5 Qf7 25. Rb1 b5 26. Rbb2 c6 27. c4
bxc4 28. Rxc4 cxd5 29. Rc8 Ra8 30. Rbc2 Raxc8 31. Rxc8 Rxc8 32. Qxc8+ Kg7 33.
exd5 h6 34. gxh6+ Kxh6 35. Qh8+ Kg5 36. Qd8+ Qf6 37. Qd7 e4 38. Qxb7 e3 39. Qb5
Qa1+ 40. Qf1 exf2+ 41. Kxf2 Qxa2+ 42. Qe2 Qxd5 43. Qe7+ Kf5 44. Qf8+ Ke4 45.
Qe8+ Kd4 46. Qxg6 Qe5 47. Qc2 Qe3+ 48. Kf1 f3 49. Qf2 fxg2+ 50. Kxg2 Qxf2+ 51.
Kxf2 Kc4 52. Ke3 d5 53. b5 d4+ 54. Kd2 Kxb5 55. Kd3 Kc5 56. Kd2 Kc4 57. Kc2 d3+
58. Kd1 Kc3 59. Kc1 Kd4 60. Kd1 $11 Ke3 61. Ke1 1/2-1/2

[Event "ch-city B"]
[Site "Warszawa"]
[Date "2013.05.18"]
[Round "8.13"]
[White "Sobotka, Jan"]
[Black "Herman, Monika"]
[Result "1/2-1/2"]
[WhiteElo "1578"]
[BlackElo "1693"]
[PlyCount "52"]
[EventDate "2013.05.11"]
[EventType "swiss"]
[EventRounds "9"]
[EventCountry "POL"]

1. d4 Nf6 2. c4 e6 3. Nf3 Bb4+ 4. Bd2 Qe7 5. g3 b6 6. Bg2 Bb7 7. O-O Bxd2 8.
Nbxd2 O-O 9. Re1 d6 10. e4 e5 11. d5 a5 12. a3 Na6 13. Rb1 Nc5 14. b4 axb4 15.
axb4 Nd3 16. Re3 Nxf2 17. Kxf2 Ng4+ 18. Ke2 Nxe3 19. Kxe3 f5 20. Kf2 fxe4 21.
Nxe4 Ra2+ 22. Kg1 Qf7 23. Ra1 Rb2 24. Rb1 Ra2 25. Ra1 Rb2 26. Rb1 Ra2 1/2-1/2

[Event "ch-city B"]
[Site "Warszawa"]
[Date "2013.05.18"]
[Round "8.15"]
[White "Moscicka, Pola"]
[Black "Kwiek, Janusz"]
[Result "1/2-1/2"]
[WhiteElo "1463"]
[BlackElo "1648"]
[PlyCount "155"]
[EventDate "2013.05.11"]
[EventType "swiss"]
[EventRounds "9"]
[EventCountry "POL"]

1. e4 e6 2. d4 d5 3. Nc3 Nf6 4. e5 Nfd7 5. f4 c5 6. Nf3 Nc6 7. Be3 Qb6 8. Na4
Qa5+ 9. c3 cxd4 10. Nxd4 Nxd4 11. Bxd4 Qc7 12. Bd3 a6 13. b3 b5 14. Nb2 Bc5 15.
Qd2 Qb6 16. Bc2 Bb7 17. b4 Bxd4 18. cxd4 g6 19. O-O Rc8 20. Kh1 Qc7 21. Rac1
Qd8 22. Nd3 O-O 23. Nc5 Nxc5 24. bxc5 Bc6 25. Rf3 a5 26. Rh3 f5 27. Rg1 Rf7 28.
Qe2 b4 29. g4 Rg7 30. Rhg3 Rcc7 31. Qg2 Qe7 32. Qh3 Qf8 33. Qh6 Rce7 34. gxf5
exf5 35. h4 Be8 36. Bb3 Bc6 37. h5 a4 38. hxg6 axb3 39. gxh7+ Kh8 40. Qxc6
Rxh7+ 41. Kg2 bxa2 42. Qxd5 Qf7 43. Qxf7 Rexf7 44. Ra1 Ra7 45. Rb3 Rhb7 46. d5
Rb5 47. d6 Rxc5 48. Rxb4 Rc2+ 49. Kf1 Ra3 50. Rb8+ Kg7 51. d7 Rf3+ 52. Kg1 Rg3+
53. Kf1 Rf3+ 54. Kg1 Rg3+ 55. Kf1 Rf3+ 56. Ke1 Rh3 57. Rg8+ Kf7 58. Rg1 Ke7 59.
e6 Rh8 60. Rd1 Kxe6 61. Rg6+ Kf7 62. Rg1 Rd8 63. Rh1 Rb2 64. Rh3 Rb1 65. Ra3
Rxd1+ 66. Kxd1 Rxd7+ 67. Ke2 Re7+ 68. Kf3 Rb7 69. Rxa2 Rb3+ 70. Kg2 Kg6 71. Ra5
Re3 72. Kf2 Rb3 73. Kg2 Rd3 74. Kf2 Rd6 75. Kg3 Rf6 76. Kh4 Re6 77. Kg3 Rb6 78.
Kf2 1/2-1/2

[Event "ch-city B"]
[Site "Warszawa"]
[Date "2013.05.18"]
[Round "8.17"]
[White "Tomczyk, Ryszard"]
[Black "Pacan-Milej, Kosma"]
[Result "0-1"]
[WhiteElo "1502"]
[BlackElo "1405"]
[PlyCount "108"]
[EventDate "2013.05.11"]
[EventType "swiss"]
[EventRounds "9"]
[EventCountry "POL"]

1. d4 d5 2. Nc3 Nf6 3. Bg5 e6 4. a3 c5 5. Nf3 Nc6 6. h3 Qb6 7. Na4 Qa5+ 8. Nc3
Ne4 9. Bd2 Nxd2 10. Qxd2 cxd4 11. Nxd4 Bb4 12. e3 Bxc3 13. bxc3 a6 14. c4 Qxd2+
15. Kxd2 Nxd4 16. exd4 dxc4 17. Bxc4 Ke7 18. Rab1 Rd8 19. c3 b5 20. Bd3 Bb7 21.
f3 h6 22. Rhe1 Bd5 23. Rb4 Rab8 24. Reb1 Bc6 25. a4 a5 26. R4b2 b4 27. Bc2
bxc3+ 28. Kxc3 Rbc8 29. Kd3 e5 30. Re1 Rxd4+ 31. Ke3 Bxa4 32. Bb1 f6 33. Ree2
Rb4 34. Ba2 Rc3+ 35. Kf2 Rxb2 36. Rxb2 Rc2+ 37. Rxc2 Bxc2 38. Ke3 a4 39. Kd2
Bb3 40. Bxb3 axb3 41. Kc3 Ke6 42. Kxb3 Kf5 43. g3 e4 44. f4 e3 45. Kc3 Ke4 46.
Kc2 Kf3 47. Kd1 Kf2 48. g4 e2+ 49. Kc2 e1=Q 50. h4 Ke3 51. g5 Qd2+ 52. Kb3 Kd3
53. gxh6 Qc3+ 54. Ka4 Kc4 0-1

[Event "ch-city B"]
[Site "Warszawa"]
[Date "2013.05.18"]
[Round "8.18"]
[White "Kaczmarczyk, Marcin"]
[Black "Kucharski, Jacek"]
[Result "1-0"]
[WhiteElo "1566"]
[BlackElo "1379"]
[PlyCount "97"]
[EventDate "2013.05.11"]
[EventType "swiss"]
[EventRounds "9"]
[EventCountry "POL"]

1. e4 c6 2. d4 d5 3. Nc3 dxe4 4. Nxe4 Bf5 5. Ng3 Bg6 6. h4 h6 7. Nf3 Nd7 8. h5
Bh7 9. Bd3 Ngf6 10. Bxh7 Nxh7 11. Qd3 e6 12. Bf4 Nhf6 13. O-O-O Nd5 14. Bd2
N7f6 15. Ne5 Bd6 16. f4 Qe7 17. f5 O-O-O 18. fxe6 Bxe5 19. dxe5 Nc7 20. exf6
Qxe6 21. Qf5 gxf6 22. Qxe6+ fxe6 23. Bc3 Rhg8 24. Rxd8+ Kxd8 25. Bxf6+ Ke8 26.
Be5 Nd5 27. Ne4 Rxg2 28. Nd6+ Ke7 29. Nxb7 Ne3 30. Kb1 Nxc2 31. Rh2 Ne3 32.
Rxg2 Nxg2 33. Bg7 Nf4 34. Bxh6 Nxh5 35. Be3 a6 36. a4 Ng7 37. Nc5 Nf5 38. Bg5+
Kd6 39. Nxa6 c5 40. Bd8 Kc6 41. Kc2 Ne3+ 42. Kc3 Nd5+ 43. Kc4 Ne3+ 44. Kd3 Nf5
45. Ke4 Nd4 46. Nxc5 Kxc5 47. Bb6+ Kxb6 48. Kxd4 Ka5 49. b3 1-0

[Event "ch-city B"]
[Site "Warszawa"]
[Date "2013.05.18"]
[Round "8.19"]
[White "Mantaev, Ruslan"]
[Black "Woloszyn, Piotr"]
[Result "0-1"]
[WhiteElo "1224"]
[BlackElo "1533"]
[PlyCount "163"]
[EventDate "2013.05.11"]
[EventType "swiss"]
[EventRounds "9"]
[EventCountry "POL"]

1. d4 d6 2. Nf3 Nf6 3. e3 g6 4. Bd2 Ne4 5. Bc1 d5 6. h3 Bg7 7. Bd3 Nd6 8. Nbd2
c6 9. Ne5 O-O 10. O-O Bf5 11. Be2 Nd7 12. Nxd7 Qxd7 13. Bg4 h5 14. Be2 e5 15.
c3 e4 16. f3 Rae8 17. f4 Bxh3 18. gxh3 Qxh3 19. Rf2 Nf5 20. Nf1 Nh6 21. Rh2 Qe6
22. Ng3 Ng4 23. Rg2 f5 24. Bd2 Kf7 25. Qa4 a6 26. Qb4 Re7 27. Nh1 Bf6 28. Nf2
Rh8 29. Rf1 Bh4 30. Nh3 Kg7 31. Qb3 Kh6 32. Qd1 Rg8 33. Qc1 Reg7 34. Be1 Bf6
35. Bxg4 fxg4 36. Nf2 g5 37. f5 Qd6 38. Nxg4+ Kh7 39. Bg3 Qf8 40. Nxf6+ Qxf6
41. Be5 Qh6 42. Bxg7 Rxg7 43. Qd1 g4 44. Rf4 Qg5 45. f6 Rf7 46. Kf2 Rxf6 47.
Rxf6 Qxf6+ 48. Kg1 Qg5 49. Qe2 g3 50. Qe1 h4 51. a4 Kg6 52. b4 Qg4 53. Kh1 Qh3+
54. Kg1 Qg4 55. Qe2 Qf3 56. Qxf3 exf3 57. Rc2 Kf5 58. Rc1 h3 59. c4 Ke4 60.
cxd5 cxd5 61. Rc7 Kxe3 62. Re7+ Kxd4 63. Rg7 h2+ 64. Kh1 Ke3 65. Rxg3 d4 66.
Kxh2 d3 67. Rg7 d2 68. Rd7 Ke2 69. Re7+ Kd3 70. Kg3 d1=Q 71. Rd7+ Kc2 72. Rxd1
Kxd1 73. Kxf3 Kd2 74. Ke4 Kc3 75. b5 axb5 76. Kd5 Kb4 77. Kd4 Kxa4 78. Kc3 Ka3
79. Kc2 b4 80. Kb1 Kb3 81. Ka1 Kc2 82. Ka2 0-1

[Event "ch-city B"]
[Site "Warszawa"]
[Date "2013.05.19"]
[Round "9.1"]
[White "Koziol, Pawel"]
[Black "Czorniej, Antonina"]
[Result "1-0"]
[WhiteElo "1883"]
[BlackElo "1394"]
[PlyCount "51"]
[EventDate "2013.05.11"]
[EventType "swiss"]
[EventRounds "9"]
[EventCountry "POL"]

1. e4 c6 2. d4 d5 3. Nd2 dxe4 4. Nxe4 Bf5 5. Ng3 Bg6 6. h4 h6 7. Nf3 Nd7 8. Bd3
Bxd3 9. Qxd3 e6 10. Bf4 Qa5+ 11. Bd2 Bb4 12. c3 Bd6 13. Ne4 Be7 14. c4 Qc7 15.
g3 Ngf6 16. O-O-O Nxe4 17. Qxe4 Nf6 18. Qe2 O-O 19. Kb1 Rab8 20. Rhg1 Ng4 21.
Ng5 Nxf2 22. Qxf2 hxg5 23. hxg5 b5 24. c5 Rbd8 25. Rh1 Rd5 26. Qh2 1-0

[Event "ch-city B"]
[Site "Warszawa"]
[Date "2013.05.19"]
[Round "9.2"]
[White "Sawicki, Wojciech"]
[Black "Jaskowski, Piotr"]
[Result "1-0"]
[WhiteElo "1797"]
[BlackElo "1826"]
[PlyCount "75"]
[EventDate "2013.05.11"]
[EventType "swiss"]
[EventRounds "9"]
[EventCountry "POL"]

1. e4 e5 2. Nf3 Nc6 3. Bb5 Nf6 4. O-O a6 5. Bxc6 dxc6 6. Nxe5 Be6 7. d3 Qd4 8.
Nf3 Qc5 9. Bg5 h6 10. Be3 Qh5 11. Nfd2 Bg4 12. f3 Be6 13. d4 O-O-O 14. c4 g5
15. Nc3 c5 16. d5 Bd6 17. h3 Bd7 18. f4 gxf4 19. Bxf4 Rdg8 20. Qxh5 Nxh5 21.
Bxd6 cxd6 22. Kh2 f5 23. exf5 Ng3 24. Nde4 Nxf1+ 25. Rxf1 Kc7 26. g4 b5 27. Nf6
Rb8 28. cxb5 Bxb5 29. Re1 Rhf8 30. Nxb5+ Rxb5 31. Re7+ Kc8 32. Nh7 Rxb2+ 33.
Kg3 Kd8 34. Ra7 Re8 35. Ra8+ Ke7 36. f6+ Kd7 37. Ra7+ Kc8 38. f7 1-0

[Event "ch-city B"]
[Site "Warszawa"]
[Date "2013.05.19"]
[Round "9.5"]
[White "Milczarek, Robert"]
[Black "Kacprzak, Karol"]
[Result "1-0"]
[WhiteElo "1848"]
[BlackElo "1792"]
[PlyCount "62"]
[EventDate "2013.05.11"]
[EventType "swiss"]
[EventRounds "9"]
[EventCountry "POL"]

1. d4 d5 2. c4 e6 3. Nc3 Nf6 4. Bg5 Nbd7 5. Nf3 c6 6. cxd5 exd5 7. e3 Qa5 8.
Nd2 Bb4 9. Qc2 O-O 10. a3 h6 11. Bf4 Re8 12. Be2 Ne4 13. Ndxe4 dxe4 14. O-O
Bxc3 15. bxc3 Nf6 16. c4 Bf5 17. Qb2 b6 18. f3 Rac8 19. Be5 exf3 20. Rxf3 Bg6
21. Bxf6 gxf6 22. Rg3 Kh7 23. Rf1 Re6 24. Bg4 f5 25. d5 Re7 26. Bxf5 Rg8 27.
Qf6 Qxa3 28. d6 Rxe3 29. Rxg6 fxg6 30. Qf7+ Rg7 31. Bxg6+ Kh8 1-0

[Event "ch-city B"]
[Site "Warszawa"]
[Date "2013.05.19"]
[Round "9.6"]
[White "Slomski, Arkadiusz"]
[Black "Kowal, Cezary"]
[Result "0-1"]
[WhiteElo "1725"]
[BlackElo "1516"]
[PlyCount "64"]
[EventDate "2013.05.11"]
[EventType "swiss"]
[EventRounds "9"]
[EventCountry "POL"]

1. f4 d5 2. Nf3 Bf5 3. e3 e6 4. Be2 Nd7 5. O-O Ngf6 6. d4 Be7 7. Ne5 O-O 8. Nd2
h6 9. c4 c6 10. a4 a5 11. Ndf3 dxc4 12. Nxc4 Nd5 13. Nfe5 Nb4 14. Nxd7 Qxd7 15.
Nb6 Qd6 16. Nxa8 Rxa8 17. Bd2 Rd8 18. Bc3 Nc2 19. Qc1 Nxa1 20. Qxa1 Qc7 21. Qe1
b6 22. Bf3 c5 23. Qg3 Bf6 24. dxc5 Bxc3 25. cxb6 Qxb6 26. bxc3 Qxe3+ 27. Qf2
Qxc3 28. g4 Bg6 29. Kh1 Rd2 30. Qe1 Qc2 31. h4 Bd3 32. Bd1 Rh2+ 0-1

[Event "ch-city B"]
[Site "Warszawa"]
[Date "2013.05.19"]
[Round "9.7"]
[White "Starczewska, Malgorzata"]
[Black "Traczyk, Pawel"]
[Result "1-0"]
[WhiteElo "1829"]
[BlackElo "1780"]
[PlyCount "79"]
[EventDate "2013.05.11"]
[EventType "swiss"]
[EventRounds "9"]
[EventCountry "POL"]

1. e4 e6 2. d4 d5 3. e5 c5 4. Nf3 Nc6 5. dxc5 Bxc5 6. Be2 Nge7 7. O-O Bd7 8.
Bf4 Ng6 9. Bg3 Qc7 10. Nc3 Ncxe5 11. Nxe5 Nxe5 12. Nxd5 exd5 13. Qxd5 f6 14. b4
Be7 15. f4 Nc6 16. f5 Nxb4 17. Bh5+ g6 18. fxg6 Bc5+ 19. Kh1 Nxd5 20. g7+ Ke7
21. gxh8=Q Rxh8 22. Bxc7 Nxc7 23. Rae1+ Be6 24. Rf3 Rg8 25. Rc3 b6 26. Bf3 Rd8
27. Bg4 Kf7 28. Bh5+ Kf8 29. Rf3 Ke7 30. Rg3 Bf2 31. Rg7+ Kf8 32. Rxe6 Nxe6 33.
Rxa7 Ng7 34. Bf3 Rd2 35. g3 h6 36. c4 Rc2 37. Bd5 Bd4 38. Rf7+ Kg8 39. Rxf6+
Kh7 40. Be4+ 1-0

[Event "ch-city B"]
[Site "Warszawa"]
[Date "2013.05.19"]
[Round "9.9"]
[White "Kowalczyk, Waldemar"]
[Black "Grzenkowicz, Lukasz"]
[Result "1-0"]
[WhiteElo "1747"]
[BlackElo "1605"]
[PlyCount "205"]
[EventDate "2013.05.11"]
[EventType "swiss"]
[EventRounds "9"]
[EventCountry "POL"]

1. d4 Nf6 2. c4 g6 3. Nc3 Bg7 4. e4 d6 5. Be2 O-O 6. Nf3 Nbd7 7. O-O c5 8. d5
a6 9. Qc2 Qc7 10. Bg5 Rb8 11. a4 h6 12. Bd2 Re8 13. Bd3 Ng4 14. h3 Nge5 15.
Nxe5 Nxe5 16. f4 Nxd3 17. Qxd3 e6 18. Rae1 e5 19. f5 Qd8 20. fxg6 fxg6 21. Qg3
Kh7 22. Rf7 Rf8 23. Ref1 Qe8 24. Rxf8 Bxf8 25. b3 Qe7 26. Qf3 Bg7 27. Qf7 Qd8
28. Ne2 Bd7 29. Nc3 Be8 30. Qf3 b5 31. axb5 axb5 32. cxb5 Bxb5 33. Nxb5 Rxb5
34. Ra1 Qb8 35. Ra3 Qb6 36. Kh2 Qb8 37. Be1 Rb6 38. Bh4 Qh8 39. Qd3 Rb4 40. Bf2
Qf8 41. Be3 Rb6 42. Qd2 Qb8 43. Qc2 Rb4 44. Bd2 Rb7 45. Qa2 Qf8 46. Be3 Rb4 47.
Qc2 Qh8 48. Bd2 Rb7 49. Be3 Qb8 50. Bd2 Ra7 51. Qa2 Rxa3 52. Qxa3 Qf8 53. Qc1
Qf2 54. Qe1 Qxe1 55. Bxe1 Kg8 56. Kg1 Kf7 57. Kf2 Ke7 58. Ke2 Kd7 59. Kd3 Bf8
60. Kc4 Bg7 61. Ba5 Bf8 62. b4 cxb4 63. Kxb4 Be7 64. Kb5 Bf8 65. Kb6 Be7 66.
Kb7 Bf8 67. Bd2 Bg7 68. Be1 Bf6 69. Bf2 Be7 70. g3 Bf6 71. h4 Bg7 72. Be3 Bf8
73. Bd2 Bg7 74. Kb6 Bf8 75. Kb5 Bg7 76. Kc4 Bf8 77. Kd3 Bg7 78. Ke2 Bf8 79. Kf3
Ke8 80. Kg4 Kf7 81. h5 Kf6 82. Ba5 Be7 83. Bc7 gxh5+ 84. Kxh5 Kg7 85. Bb6 Bg5
86. Bc7 Be7 87. Ba5 Kh7 88. Bd2 Bf8 89. Ba5 Be7 90. Bc7 Kg7 91. Ba5 Kh7 92. Bd2
Bf8 93. g4 Bg7 94. Be3 Bf8 95. g5 hxg5 96. Bxg5 Kg7 97. Bh6+ Kf7 98. Bxf8 Kxf8
99. Kg6 Ke7 100. Kg7 Ke8 101. Kf6 Kd8 102. Ke6 Kc7 103. Ke7 1-0

[Event "ch-city B"]
[Site "Warszawa"]
[Date "2013.05.19"]
[Round "9.10"]
[White "Budrewicz, Henryk"]
[Black "Zbrzeski, Piotr"]
[Result "0-1"]
[WhiteElo "1573"]
[BlackElo "1801"]
[PlyCount "82"]
[EventDate "2013.05.11"]
[EventType "swiss"]
[EventRounds "9"]
[EventCountry "POL"]

1. d4 d5 2. e3 Bf5 3. Bd3 Bxd3 4. Qxd3 c6 5. f4 e6 6. Nf3 f5 7. b3 Nf6 8. Nbd2
Nbd7 9. Bb2 Ne4 10. c4 Bb4 11. O-O Qa5 12. Nb1 Be7 13. a3 Qc7 14. cxd5 cxd5 15.
Rc1 Qd8 16. Nbd2 O-O 17. Ne5 Nxe5 18. dxe5 Rc8 19. b4 Nxd2 20. Qxd2 Qd7 21.
Rxc8 Rxc8 22. Rc1 Kf7 23. Rxc8 Qxc8 24. Qc3 Qxc3 25. Bxc3 a5 26. Kf2 Ke8 27.
Ke2 Kd7 28. Kd3 Kc6 29. bxa5 Bxa3 30. Kc2 Kb5 31. Kb3 Bc1 32. Bd4 Bd2 33. h3
Bxa5 34. g4 g6 35. g5 Bb6 36. Kc3 Bxd4+ 37. exd4 Ka4 38. h4 Ka3 39. Kc2 b5 40.
Kc3 b4+ 41. Kc2 Ka2 0-1

[Event "ch-city B"]
[Site "Warszawa"]
[Date "2013.05.19"]
[Round "9.11"]
[White "Pacan-Milej, Kosma"]
[Black "Wyszomirski, Krzysztof"]
[Result "0-1"]
[WhiteElo "1405"]
[BlackElo "1747"]
[PlyCount "102"]
[EventDate "2013.05.11"]
[EventType "swiss"]
[EventRounds "9"]
[EventCountry "POL"]

1. d4 Nf6 2. c4 g6 3. Nc3 Bg7 4. e4 O-O 5. Be2 d6 6. Bg5 Nbd7 7. Qd2 Re8 8. Nf3
e5 9. O-O exd4 10. Nxd4 Nc5 11. Qf4 Qe7 12. Rfe1 a5 13. Ndb5 Ne6 14. Bxf6 Bxf6
15. Qd2 Bg7 16. Bg4 Qd8 17. Bxe6 Bxe6 18. c5 dxc5 19. Qxd8 Raxd8 20. Nxc7 Bxc3
21. bxc3 Re7 22. Nxe6 Rxe6 23. f3 Rd3 24. Rec1 Kf8 25. Kf1 Red6 26. Ke1 Ke7 27.
Rab1 b6 28. Rc2 c4 29. Ke2 Kd7 30. Rb5 Kc6 31. Rcb2 Kc7 32. Rc2 f6 33. Rbb2 Kc6
34. Rd2 b5 35. Rdc2 Kc5 36. a3 Rd7 37. Rb1 f5 38. Rcb2 Rb7 39. a4 b4 40. cxb4+
axb4 41. exf5 gxf5 42. a5 Ra3 43. Kf2 Rxa5 44. Re2 b3 45. Re5+ Kb4 46. Rxa5
Kxa5 47. Ke3 Rd7 48. Kf4 Kb4 49. Kxf5 c3 50. Re1 b2 51. Re4+ Kb3 0-1

[Event "ch-city B"]
[Site "Warszawa"]
[Date "2013.05.19"]
[Round "9.12"]
[White "Wrabel, Antoni"]
[Black "Kazmierczak, Ewa"]
[Result "1/2-1/2"]
[WhiteElo "1701"]
[BlackElo "1532"]
[PlyCount "60"]
[EventDate "2013.05.11"]
[EventType "swiss"]
[EventRounds "9"]
[EventCountry "POL"]

1. e4 e6 2. d4 d5 3. e5 c5 4. c3 Nc6 5. Nf3 Qb6 6. Be2 cxd4 7. cxd4 Nge7 8. b3
Nf5 9. Bb2 Bb4+ 10. Nbd2 Ncxd4 11. O-O Nxe2+ 12. Qxe2 Bd7 13. Rfc1 Bb5 14. Qd1
Bc5 15. Qe1 O-O 16. a3 Rfd8 17. b4 Bf8 18. g4 Nh6 19. Bd4 Qa6 20. h3 Ba4 21.
Nf1 b6 22. Ng3 Kh8 23. Be3 Ng8 24. Rc7 Rd7 25. Rxd7 Bxd7 26. Ng5 Nh6 27. Nf3
Ng8 28. Ng5 Nh6 29. Nf3 Ng8 30. Ng5 Nh6 1/2-1/2

[Event "ch-city B"]
[Site "Warszawa"]
[Date "2013.05.19"]
[Round "9.13"]
[White "Herman, Monika"]
[Black "Moscicka, Pola"]
[Result "1/2-1/2"]
[WhiteElo "1693"]
[BlackElo "1463"]
[PlyCount "146"]
[EventDate "2013.05.11"]
[EventType "swiss"]
[EventRounds "9"]
[EventCountry "POL"]

1. e4 c5 2. Nf3 d6 3. c3 Nc6 4. Be2 Nf6 5. d4 cxd4 6. cxd4 Nxe4 7. d5 Qa5+ 8.
Nc3 Nxc3 9. bxc3 Ne5 10. Nxe5 Qxc3+ 11. Bd2 Qxe5 12. Be3 e6 13. Bb5+ Bd7 14.
Bxd7+ Kxd7 15. dxe6+ fxe6 16. O-O a6 17. Qf3 Qd5 18. Qf7+ Be7 19. Rfc1 Raf8 20.
Rc7+ Kxc7 21. Qxe7+ Kb8 22. Rb1 Rc8 23. Qd7 Rhd8 24. Qa4 Ka8 25. Qb4 Rc5 26.
Qb6 Rdc8 27. Bxc5 dxc5 28. h3 c4 29. Qb2 c3 30. Qc2 Qd2 31. Qb3 Rb8 32. Rd1 Qb2
33. Qxb2 cxb2 34. Rb1 Rc8 35. Rxb2 Rc1+ 36. Kh2 Ra1 37. Re2 a5 38. Kg3 Kb8 39.
Kf4 Kc8 40. Ke5 Kd7 41. Rd2+ Ke7 42. Rb2 Re1+ 43. Kf4 Kf6 44. Kf3 Ra1 45. g4 a4
46. h4 h6 47. Ke3 a3 48. Rxb7 Rxa2 49. g5+ hxg5 50. hxg5+ Kxg5 51. Rxg7+ Kf6
52. Ra7 Ra1 53. Ra6 a2 54. Kf4 Ke7 55. Kf3 e5 56. Kg2 Kd7 57. Kf3 Kc7 58. Kg2
Kb7 59. Ra3 Kb6 60. Kf3 Kb5 61. Ra8 Kc4 62. Rc8+ Kd3 63. Rd8+ Kc2 64. Rc8+ Kd1
65. Ra8 Ke1 66. Kg2 Ke2 67. Ra5 e4 68. Ra4 Kd3 69. Ra8 $11 Kc4 70. Rc8+ Kd5 71.
Ra8 Kc6 72. Ra3 Kb5 73. Ra8 Kb6 $11 1/2-1/2

[Event "ch-city B"]
[Site "Warszawa"]
[Date "2013.05.19"]
[Round "9.14"]
[White "Mincewicz, Tomasz"]
[Black "Krawiecki, Stanislaw"]
[Result "0-1"]
[WhiteElo "1473"]
[BlackElo "1629"]
[PlyCount "104"]
[EventDate "2013.05.11"]
[EventType "swiss"]
[EventRounds "9"]
[EventCountry "POL"]

1. d4 Nf6 2. c4 c5 3. d5 b5 4. cxb5 a6 5. bxa6 Bxa6 6. Nc3 g6 7. Nf3 d6 8. g3
Bg7 9. Bg2 O-O 10. O-O Nbd7 11. Re1 Qb6 12. Rb1 Ng4 13. Na4 Qa7 14. h3 Nge5 15.
Nxe5 Nxe5 16. f4 Nd7 17. Kh2 Bc4 18. b3 Bb5 19. Bb2 Bxa4 20. bxa4 Qxa4 21. Qxa4
Rxa4 22. Bxg7 Kxg7 23. Rb7 Rd8 24. Ra1 Kf8 25. e4 Nf6 26. Bf3 Nxe4 27. Bxe4
Rxe4 28. a4 Ra8 29. a5 Rb4 30. Rc7 Ra6 31. Rc6 Ra7 32. Rc8+ Kg7 33. a6 e6 34.
dxe6 fxe6 35. Rc6 Rd4 36. Rb6 Kf6 37. Kg2 Kf5 38. Kf3 Rd3+ 39. Kf2 Ke4 40. Ra2
c4 41. Rb4 Kd4 42. Ra5 Rb3 43. Rba4 d5 44. Ra1 c3 45. Ke2 Rb2+ 46. Kf3 Kc4 47.
Ke3 d4+ 48. Kf3 c2 49. R1a4+ Rb4 50. Ra1 Rb1 51. R1a4+ Kd3 52. Ra3+ Kd2 0-1

[Event "ch-city B"]
[Site "Warszawa"]
[Date "2013.05.19"]
[Round "9.16"]
[White "Woloszyn, Piotr"]
[Black "Wisniewski, Jacek"]
[Result "1-0"]
[WhiteElo "1533"]
[BlackElo "1471"]
[PlyCount "71"]
[EventDate "2013.05.11"]
[EventType "swiss"]
[EventRounds "9"]
[EventCountry "POL"]

1. c4 e5 2. Nc3 d6 3. e3 f5 4. d4 Nc6 5. Nf3 e4 6. Ng1 Nf6 7. Nh3 Be7 8. a3 Rg8
9. Nf4 g5 10. Nfd5 Kf8 11. g3 Bd7 12. Bg2 Be8 13. h4 gxh4 14. Nxe7 Nxe7 15.
Rxh4 Ng6 16. Rh1 Bf7 17. Qa4 c5 18. Bd2 cxd4 19. exd4 Qb6 20. O-O-O Rc8 21. Bf1
Qc6 22. Bh6+ Ke7 23. Qxc6 Rxc6 24. b3 Kd7 25. Kb2 Ng4 26. Rd2 Nxh6 27. Rxh6 Rg7
28. Bh3 Ne7 29. d5 Rc8 30. Nxe4 Kc7 31. Nxd6 Ng8 32. Nb5+ Kb8 33. Rh4 Bg6 34.
Nd4 Ne7 35. d6 Nc6 36. Nxf5 1-0